01848nam a2200229Ia 45000010005000000080041000050100009000460410014000550820028000692450188000972600013002853000007002985200007003056300028003126300016003406300016003566500016003727000031003887000038004197000026004575201135004832180241029s9999 xx 000 0 und d a2042 aEspañol aBU. ED.. 183 UTESA F.H. 0aIncidencia de la enseñanza de la electricidad del Nivel Medio en estudiantes de Primer Ciclo, en el Período Comprendido 2005-2006, del Liceo Ramón Matías Mella, Ensanche Ozama aSantiago a88 a35 aEnseñanza-Aprendizaje aEstudiantes aNivel Medio aEnseñanza easesoraSang Ben, Miguel  eautoraMancebo , Rubén Darío  easesoraJavier, Mario aLa incidencia de la enseñanza de la electricidad del nivel medio en los estudiantes, en periodo comprendido 2005 ? 2006 del liceo Ramón Matías Mella del Ensanche Ozama,  Provincia Santo Domingo, es el centro de esta investigación, en la cual obtuvimos todos los detalles necesarios para poder concluir nuestro trabajo.Para la obtención de informaciones que confiables que nos permitan transparentar resultados a la enseñanza de la electricidad, nos vimos compelidos a organizar y aplicar un cuestionario, éste dirigido a los estudiantes de tercero del bachillerato del mencionado centro de estudio. Para hacer la encuesta, contamos con la cooperación del director del centro, profesores y estudiantes que están en el último año del bachillerato, entre otros.En el desarrollo de esta investigación demuestra los factores de la incidencia de la enseñanza de la electricidad en los estudiantes del nivel medio, además, como parte de este trabajo, las conclusiones y recomendaciones, dirigida a los organismos responsables para que intercedan en el mejoramiento de situaciones que están presentando.